| 000 | 00392nam a2200145Ia 4500 | ||
|---|---|---|---|
| 005 | 20240528040320.0 | ||
| 008 | 240331s9999 xx 000 0 und d | ||
| 082 |
_bWOM _a331.4 |
||
| 245 | 0 |
_aWomen's economic participation in Asia and the pacific _cUnited Nations |
|
| 260 |
_aThailand _bUnited Nations _c1987 |
||
| 300 | _axix, 367 p .,W | ||
| 650 | _aWomen | ||
| 650 | _aEconomic | ||
| 942 | _cL | ||
| 999 |
_c2710 _d2710 |
||